MARC

LEADER 00000nam0a2200000 4500
001 67728
005 20231031073825.0
035 |a (RuTPU)RU\TPU\book\72120 
090 |a 67728 
100 |a 20040922d1973 k y0rusy50 ca 
101 0 |a rus 
102 |a RU 
105 |a a z 001zy 
200 1 |a Адгезия твердых тел  |f Б. В. Дерягин, Н. А. Кротова, В. П. Смилга  |g Институт физической химии; Академия Наук СССР 
210 |a Москва  |c Наука  |d 1973 
215 |a 279 с.  |c ил. 
320 |a Списки литературы в тексте. 
610 1 |a твердые тела 
610 1 |a адгезия 
610 1 |a физико-химия 
610 1 |a склеивание 
610 1 |a полупроводники 
610 1 |a металлы 
610 1 |a диэлектрики 
675 |a 539.6  |v 3 
700 1 |a Дерягин  |b Б. В.  |g Борис Владимирович 
701 1 |a Кротова  |b Н. А.  |g Наталья Александровна 
701 1 |a Смилга  |b В. П.  |g Вольдемар Петрович 
712 0 2 |a Академия наук СССР (АН СССР)  |b Институт физической химии  |c (Москва)  |2 stltpush  |3 (RuTPU)RU\TPU\col\11504 
801 1 |a RU  |b 63413507  |c 20040922  |g PSBO 
801 2 |a RU  |b 63413507  |c 20160205  |g PSBO 
942 |c BK